Selfish routing and the price of anarchy

Saved in:
Bibliographic Details
Main Author: Roughgarden, Tim
Format: Book
Language:English
Published: Cambridge, Mass. : MIT Press, c2005
Subjects:
Tags: Add Tag
No Tags, Be the first to tag this record!

MARC

LEADER 00000nam a2200000 i 4500
001 1/66065
008 071205s2005 eng d
020 |a 0-262-18243-2 
035 |l 10092820 
040 |a GR-MY-UA  |b gre  |e aacr 
041 0 |a eng 
082 0 |a 004.65  |2 (22) 
100 1 |a Roughgarden, Tim. 
245 1 0 |a Selfish routing and the price of anarchy /  |c Tim Roughgarden 
260 |a Cambridge, Mass. :   |b MIT Press,   |c c2005 
300 |a ix, 196 σ.;  |b εικ.;  |c 24 εκ. 
504 |a Περιέχει βιβλιογραφικές παραπομπές (σ. [169]-190) και ευρετήριο 
650 0 0 |a Computer networks  |x Design and construction. 
650 0 0 |a Computational complexity. 
852 |a INST  |b SAMOS  |e 20071205  |h 004.65 ROU  |p 005300027556  |q 005300027556  |t BK  |y 0 
901 |a BIBL3-2007-3 
909 |a Σ  |b 140574 
922 |a 3ΕΛΗ  |b 200711  |c ΕΠΕΑΕΚ2/ΤΜΠΕΣ  |d ΕΛΕΥΘΕΡΟΥΔΑΚΗΣ 
970 |a ΡΟΥΣΣΟΥ  |b ΚΩΝΣΤΑΝΤΙΝΑ  |z 2007/12/ 05